00234 a2200109 4500001000700000020000600007040001100013100003000024240003300054245002800087362000900115160851 a  cMagnum aPadilla, Gilda Figueiredo10aOs tamanquinhos de ourolpor10aOs tamanquinhos de ouro0 a1899